Statistics for Best Athletes

Click here to take the quiz!

General Stats

  • This quiz has been taken 23 times
  • The average score is 7 of 100

Answer Stats

HintAnswer% Correct
12Tom Brady
85%
1Lebron James
60%
11Aaron Rodgers
30%
6Kevin Durant
25%
3Lamar Jackson
25%
49Giannis Antetokounmpo
20%
14James Harden
20%
50Luka Doncic
20%
8Aaron Judge
15%
62Chris Paul
15%
20Kyrie Irving
15%
7Mike Trout
15%
2Patrick Mahomes
15%
63Devin Booker
10%
81Giancarlo Stanton
10%
52Ja Morant
10%
21Jayson Tatum
10%
34Joe Burrow
10%
16Josh Allen
10%
98Justin Herbert
10%
76Keenan Allen
10%
55Khalil Mack
10%
94Kyler Murray
10%
37Max Scherzer
10%
24Nikola Jokic
10%
29Shohei Ohtani
10%
25Stephen Curry
10%
31Tj Watt
10%
51Trae Young
10%
45Trea Turner
10%
89Tyreek Hill
10%
30Aaron Donald
5%
83Albert Pujols
5%
90Bobby Wagner
5%
44Bryce Harper
5%
59Ceedee Lamb
5%
36Clayton Kershaw
5%
18Cooper Kupp
5%
87Corbin Burnes
5%
33Dalvin Cook
5%
10Davante Adams
5%
61Deebo Samuel
5%
57Dk Metcalf
5%
22Donovan Mitchell
5%
77Fred Warner
5%
60George Kittle
5%
9Gerrit Cole
5%
65Jacob Degrom
5%
95Jalen Hurts
5%
54Jalen Ramsey
5%
53Jimmy Butler
5%
93Joey Bosa
5%
47Jose Abreu
5%
15Jose Altuve
5%
32Justin Jefferson
5%
58Justin Tucker
5%
28Justin Verlander
5%
5Mark Andrews
5%
13Mike Evans
5%
92Nick Bosa
5%
66Nolan Arenado
5%
43Paul Goldschmidt
5%
82Pete Alonso
5%
17Stefon Diggs
5%
48Tim Anderson
5%
4Travis Kelce
5%
100Trevon Diggs
5%
72Vladimir Guerrero
5%
73Aj Brown
0%
68Alex Bregman
0%
74Alex Manoah
0%
99Austin Ekeler
0%
67Carlos Correa
0%
46Corey Seager
0%
19Derrick Henry
0%
91Derwin James
0%
38Francisco Lindor
0%
42Freddie Freeman
0%
26Jamar Chase
0%
80Javier Baez
0%
23Joel Embid
0%
71Jose Ramirez
0%
75Josh Jacobs
0%
40Juan Soto
0%
70Julio Rodriguez
0%
39Manny Machado
0%
79Marshon Lattimore
0%
96Maxx Crosby
0%
97Micah Parsons
0%
35Mookie Betts
0%
88Myles Garret
0%
27Nick Chubb
0%
85Rafael Devers
0%
41Ronald Acuna
0%
86Shane Bieber
0%
56Stephon Gilmore
0%
78Tyran Mathieu
0%
84Xander Bogaerts
0%
69Yordan Alvarez
0%
64Yu Darvish
0%

Score Distribution

Percentile by Number Answered

Percent of People with Each Score

Your Score History

You have not taken this quiz